01349nam a2200349 i 450000100060000000300080000600500170001400600190003100700150005000800410006502000180010603500230012403500240014703500250017103500220019604000310021805000260024908200190027524501070029426400610040130000410046233600310050333700330053433800430056750000230061058801250063365000580075865000550081665500270087170000390089885600620093721284FlNmELB20241216213920.0m o d | cr cnu||||||||140416s1995 mx o 001 0 spa d z9789688564172 a(MiAaPQ)EBC3218553 a(Au-PeEL)EBL3218553 a(CaPaEBR)ebr10844627 a(OCoLC)1105900405 aFINmELBbspaerdacFINmELB 4aHD9502.M62bE566 19950 a333.79097222300aEnergía y medio ambiente :buna perspectiva económico-social /cJuan J. Jardón U. (coordinador). 1aMéxico D.F. :bPlaza y Valdés S. A. de C. V.,c1995. a1 recurso en línea (258 páginas) atextobtxt2rdacontent/spa acomputadorabc2rdamedia/spa arecurso en líneabcr2rdacarrier/spa aContiene índice. aDescripción basada en recurso en línea; Título de la página del título en PDF (e-libro, visto April 16, 2014). 4aConsumo de energíaxAspectos ambientaleszMéxico. 0aEnergy consumptionxEnvironmental aspectszMexico. 4aLibros electrónicos.1 aJardón U., Juan J,ecoordinador.40uhttps://elibro.net/ereader/politecnicointernacional/73155